[Event "Arco op 18th"]
[Site "Arco"]
[Date "1996.11.03"]
[Round "9"]
[White "Bonomi, Maurizio"]
[Black "Cattoni, Manuel"]
[Result "1-0"]
[WhiteElo "2265"]
[BlackElo "2065"]
[PlyCount "57"]
[EventDate "1996.10.28"]
[EventType "swiss"]
[EventRounds "9"]
[EventCountry "ITA"]
[SourceTitle "EXT 2023"]
[Source "ChessBase"]
[SourceDate "2022.10.05"]
[SourceVersion "1"]
[SourceVersionDate "2022.10.05"]
[SourceQuality "1"]

1. c4 e6 2. g3 d5 3. Bg2 Nf6 4. Nf3 c5 5. 0-0 Nc6 6. cxd5 exd5 7. d4 Be7 8. Nc3 0-0 9. Bg5 cxd4 10. Nxd4 h6 11. Be3 Re8 12. Rc1 Bg4 13. Ncb5 Qd7 14. Nf3 Rad8 15. Nxa7 Nxa7 16. Bxa7 Ra8 17. Bd4 Rxa2 18. Ne5 Qb5 19. Nxg4 Nxg4 20. e4 Bf6 21. exd5 Bxd4 22. Qxd4 Nf6 23. Rc2 Re2 24. Rxe2 Qxe2 25. d6 Rxb2 26. d7 Nxd7 27. Qxd7 b5 28. Bd5 Qh5 29. Qe8+ 1-0

[Event "Arco op 18th"]
[Site "Arco"]
[Date "1996.11.02"]
[Round "8"]
[White "Sprotte, Norbert"]
[Black "Bonomi, Maurizio"]
[Result "1/2-1/2"]
[WhiteElo "2240"]
[BlackElo "2265"]
[PlyCount "67"]
[EventDate "1996.10.28"]
[EventType "swiss"]
[EventRounds "9"]
[EventCountry "ITA"]
[SourceTitle "EXT 2023"]
[Source "ChessBase"]
[SourceDate "2022.10.05"]
[SourceVersion "1"]
[SourceVersionDate "2022.10.05"]
[SourceQuality "1"]

1. d4 Nf6 2. Nf3 g6 3. Bf4 c5 4. e3 Bg7 5. c3 b6 6. Nbd2 cxd4 7. cxd4 0-0 8. Rc1 Bb7 9. Bb5 d6 10. h3 Ne4 11. Nxe4 Bxe4 12. 0-0 a6 13. Be2 Nd7 14. Qb3 h6 15. Rfd1 Qb8 16. Nd2 Bb7 17. Bg4 Rd8 18. Bxd7 Rxd7 19. Qxb6 Bd5 20. Qxb8+ Rxb8 21. b3 f5 22. Bg3 a5 23. Rc3 a4 24. Rdc1 axb3 25. Rc8+ Rxc8 26. Rxc8+ Kf7 27. axb3 Rb7 28. Rc3 e5 29. dxe5 dxe5 30. f3 e4 31. Rc7+ Rxc7 32. Bxc7 exf3 33. gxf3 Bc3 34. Nc4 1/2-1/2

[Event "Arco op 18th"]
[Site "Arco"]
[Date "1996.10.29"]
[Round "3.7"]
[White "Bonomi, Maurizio"]
[Black "Grosar, Kiti"]
[Result "1/2-1/2"]
[WhiteElo "2265"]
[BlackElo "2195"]
[PlyCount "87"]
[EventDate "1996.10.28"]
[EventType "swiss"]
[EventRounds "9"]
[EventCountry "ITA"]
[SourceTitle "EXT 2023"]
[Source "ChessBase"]
[SourceDate "2022.10.05"]
[SourceVersion "1"]
[SourceVersionDate "2022.10.05"]
[SourceQuality "1"]

1. c4 Nf6 2. Nc3 g6 3. g3 Bg7 4. Bg2 d6 5. Nf3 0-0 6. 0-0 Nc6 7. d3 e5 8. Rb1 a5 9. a3 h6 10. b4 axb4 11. axb4 Be6 12. e4 Qd7 13. Nd5 Nh5 14. b5 Nd4 15. Nxd4 exd4 16. Bf3 Bxd5 17. exd5 Nf6 18. b6 Kh7 19. h4 h5 20. Re1 Rfe8 21. bxc7 Qxc7 22. Rxe8 Rxe8 23. Bf4 Nd7 24. Qa4 Be5 25. Bxe5 Rxe5 26. Qa1 Nc5 27. Qxd4 Qe7 28. Qc3 Qf6 29. d4 Re7 30. Bg2 Qf5 31. Re1 Na4 32. Qd2 Rc7 33. Rc1 Nb6 34. c5 Nxd5 35. cxd6 Rd7 36. Bxd5 Qxd5 37. Rc7 Rxd6 38. Qf4 Rd7 39. Rxd7 Qxd7 40. Qe5 Qe6 41. Qc5 b6 42. Qb4 f6 43. d5 Qxd5 44. Qxb6 1/2-1/2

[Event "Arco op 18th"]
[Site "Arco"]
[Date "1996.10.29"]
[Round "2"]
[White "Tischbierek, Raj"]
[Black "Bonomi, Maurizio"]
[Result "1/2-1/2"]
[WhiteElo "2500"]
[BlackElo "2265"]
[PlyCount "42"]
[EventDate "1996.10.28"]
[EventType "swiss"]
[EventRounds "9"]
[EventCountry "ITA"]
[SourceTitle "EXT 2023"]
[Source "ChessBase"]
[SourceDate "2022.10.05"]
[SourceVersion "1"]
[SourceVersionDate "2022.10.05"]
[SourceQuality "1"]

1. e4 e6 2. d4 d5 3. Nc3 Bb4 4. e5 Ne7 5. a3 Bxc3+ 6. bxc3 c5 7. Nf3 Nbc6 8. Bd3 Qa5 9. Bd2 c4 10. Be2 Bd7 11. 0-0 f6 12. Re1 fxe5 13. Nxe5 Nxe5 14. dxe5 0-0 15. Bf1 Rf7 16. Qg4 Raf8 17. f3 Nf5 18. Kh1 Ba4 19. Rac1 Bc6 20. Ra1 Ba4 21. Rac1 Bc6 1/2-1/2